30 Personnages aux cheveux Verts anime / Manga - Statistiques

Statistiques générales
  • Ce quiz a été pris 96 fois
  • Le résultat moyen est 11 sur 30
Statistiques - réponses
Par images Réponse % Correct
Gon Freecs
99%
Roronoa Zoro
97%
Izuku Midoriya
92%
Maki Zenin
73%
Zetsu
69%
Senku Ishigami
68%
Tsuyu Asui
67%
Monet
48%
Tatsumaki
47%
Shintaro Midorima
43%
Envy / Envie
41%
Fubuki
35%
Beelzebub
33%
Jolyne Kujo
33%
C.C.
31%
Nelliel Tu Odelschwanck
27%
Freed Justine / Fried
25%
Spike Spiegel
23%
Ibara Shiozaki
19%
Bisca Mulan / Connell
17%
Yusuke Urameshi
17%
Yushiro
15%
Jade E. Fiore / Hisui
13%
Kaede Kayano
12%
Mashiro Kuna
9%
Lenalee Lee
8%
Lubbock
8%
Amaimon
4%
Michiru Kaio / Mylene
3%
Setsuna Meio
3%
Aucun quiz correspondant
Distribution des résultats
% des personnes avec chaque résultat
Percentile par nombre de réponses
Votre historique - résultats
Vous n’avez pas pris ce quiz